<?xml version="1.0" encoding="UTF-8"?><?xml-stylesheet type="text/xsl" href="static/style.xsl"?><OAI-PMH xmlns="http://www.openarchives.org/OAI/2.0/" xmlns:xsi="http://www.w3.org/2001/XMLSchema-instance" xsi:schemaLocation="http://www.openarchives.org/OAI/2.0/ http://www.openarchives.org/OAI/2.0/OAI-PMH.xsd"><responseDate>2026-06-01T22:03:59Z</responseDate><request verb="GetRecord" identifier="oai:riuma.uma.es:10630/3660" metadataPrefix="marc">https://riuma.uma.es/rest/oai/request</request><GetRecord><record><header><identifier>oai:riuma.uma.es:10630/3660</identifier><datestamp>2026-02-03T12:48:36Z</datestamp><setSpec>com_10630_27</setSpec><setSpec>com_10630_3139</setSpec><setSpec>com_10630_10</setSpec><setSpec>col_10630_552</setSpec></header><metadata><record xmlns="http://www.loc.gov/MARC21/slim" xmlns:dcterms="http://purl.org/dc/terms/" xmlns:doc="http://www.lyncode.com/xoai" xmlns:xsi="http://www.w3.org/2001/XMLSchema-instance" xsi:schemaLocation="http://www.loc.gov/MARC21/slim http://www.loc.gov/standards/marcxml/schema/MARC21slim.xsd">
   <leader>00925njm 22002777a 4500</leader>
   <datafield ind2=" " ind1=" " tag="042">
      <subfield code="a">dc</subfield>
   </datafield>
   <datafield ind2=" " ind1=" " tag="720">
      <subfield code="a">Losa Quintana, J.M.</subfield>
      <subfield code="e">author</subfield>
   </datafield>
   <datafield ind2=" " ind1=" " tag="260">
      <subfield code="c">1979</subfield>
   </datafield>
   <datafield ind2=" " ind1=" " tag="520">
      <subfield code="a">La identificación química y cromatográfica de las amanito-toxinas fue puesta a punto por Sullivan y cols. 1965. Su técnica ha sido aplicada para demostrar la presencia de dichas sustancias en extractos de diversas especies del género Amanita. Como método se han situado en la misma placa extractos de dichas especies y se han contrastado con extractos de Amanita phalloides, para asi diferenciar los correspondientes desarrollos. Fueron analizadas: A. aspera; A. muscaria; A. pantherina y Paxillus involutus. La presencia de amanito-toxinas a y b sólo se evidenció en los extractos de A. phalloides.</subfield>
   </datafield>
   <datafield ind2=" " ind1=" " tag="520">
      <subfield code="a">The chimical and chromatographical identification of amanito-toxins was started by Sullivan &amp; all. 1965. I applied that methode with extracts of some species of Amanita genus to test inf there were that toxins in them. The methode used was to put in the same plate extracts of some species of this genus and confront with Amanita phalloides stracts, to show the differences. Amanito-toxins were detected in A. phalloides only.</subfield>
   </datafield>
   <datafield ind1="8" ind2=" " tag="024">
      <subfield code="a">Acta Botánica Malacitana, Nº 5&#xd;
, 1979, Págs. 125&#xd;
-130</subfield>
   </datafield>
   <datafield ind1="8" ind2=" " tag="024">
      <subfield code="a">02109506</subfield>
   </datafield>
   <datafield ind1="8" ind2=" " tag="024">
      <subfield code="a">http://hdl.handle.net/10630/3660</subfield>
   </datafield>
   <datafield ind2="0" ind1="0" tag="245">
      <subfield code="a">Comportamiento de extractos de diversas especies del género "Amanita", frente a la reacción de las amanito-toxinas</subfield>
   </datafield>
</record>
</metadata></record></GetRecord></OAI-PMH>